Geometry Dash Main levels - Statistics

General Stats
  • This quiz has been taken 277 times
  • The average score is 20 of 26
Answer Stats
Level: % Correct
Classic: Stereo Madness
97%
Back On Track
95%
Jumper
92%
Theory of Everything
90%
Time Machine
90%
Base After Base
89%
Can't Let Go
88%
Clubstep
88%
Fingerdash
88%
Dry Out
87%
Theory of Everything 2
87%
xStep
87%
Cycles
86%
Dash
86%
Polargeist
86%
Clutterfunk
85%
Electroman Adventures
84%
Deadlocked
82%
Electrodynamix
82%
Hexagon Force
80%
Blast Processing
75%
Geometrical Dominator
75%
The Sewers
35%
Tower: The Tower
34%
The Cellar
24%
The Secret Hollow
18%
No matching quizzes found
Score Distribution
Percent of People with Each Score
Percentile by Number Answered
Your Score History
You have not taken this quiz